Language Quiz

Random Language or Letter Quiz

1-10 Letter I Words Quiz Stats

 Plays Quiz Updated Mar 29, 2016

Challenge
Share
Tweet
Embed
Score 0/10 Timer 02:00
7 Plays Today
Clue I-Word % Correct
First person nominative pronounI
100%
Material made from some animal tusksivory
91.7%
The third part of the psyche with the ego and superegoid
91.6%
A pendant mass of frozen water formed from drippingicicle
86.7%
Being unable to read and writeilliterate
85.1%
Exempt from death, like godsimmortal
82%
Annoy or irritateirk
75%
A triangle having two equal sidesisosceles
71.5%
A narrow strip of land connecting two other larger land areasisthmus
56.2%
A metrical foot usually of one short syllable followed by a long syllableiamb
41.2%

You're not logged in!

Compare scores with friends on all Sporcle quizzes.
Join for Free
OR
Log In

You Might Also Like...

Show Comments

Extras

Top Quizzes Today


Score Distribution

Your Account Isn't Verified!

In order to create a playlist on Sporcle, you need to verify the email address you used during registration. Go to your Sporcle Settings to finish the process.

Report this User

Report this user for behavior that violates our Community Guidelines.

Details: